000 00632nam a2200229Ia 4500
003 OSt
005 20220924113203.0
006 a|||||r|||| 00| 0
007 ta
008 220923b |||||||| |||| 00| 0 eng d
024 _a245076
037 _cDictionary
040 _aARTS
_cARTS
_beng
041 _2eng
_aeng
082 _aP111:4k, 32M3 (RR)
245 0 _aEnglish English Malayalam illustrated dictionary
260 _aTrivan
_bRrum Desabandhu publication
_c1983
300 _a988p.
_ccm.
650 _aLINGUISTICS
942 _hP111:4k, 32M3 (RR)
_cdic
_2cc
999 _c389491
_d389491